晨讀10分鐘 : 你的獨特,我看見
| 資料類型: | 圖書 | 書目號: | 51675 |
Leader xxxxxxxxxx 001 __ 102490/8/01 005 __ 20171120175611.287 010 0_ |a9789869498357|b平裝|d新臺幣320元 042 __ |anbim 100 __ |a20171120d2017 k y0chiy50 e 101 0_ |achi 102 __ |atw 105 __ |aa z 000fy 200 1_ |a晨讀10分鐘|e你的獨特,我看見|f黃國珍作 205 __ |a初版 210 __ |a臺北市|c親子天下|d2017[民106] 215 0_ |a268面|c彩圖|d21公分 225 12 |a晨讀10分鐘系列|v28 517 1_ |a你的獨特,我看見|zchi 681 __ |a859.7|b8356 700 _0 |a黃|b國珍|4作 801 _0 |atw|bLibDipper|c20171120|gCCR |